000 00790nam a2200253Ia 4500
003 OSt
005 20220924114026.0
006 a|||||r|||| 00| 0
007 ta
008 220923b |||||||| |||| 00| 0 urd d
020 _cINR 75.00
024 _a354436
037 _bTB4992, 29/12/2021, Technical Bureau India Pvt. Ltd.
_cTextual
040 _aARTS
_cARTS
_burd
041 _2urd
_aurd
082 _aP168:4k, Q7
100 _aAshraf Wahab Au.
_9171403
245 0 _aTafheem al-balaghat
260 _aAligarh
_bEducational book house India
_c2017
300 _a184p.
_ccm.
650 _aURDU LANGUAGE - DICTIONARIES
942 _hP168:4k, Q7
_cTEXL
_2CC
999 _c391474
_d391474